000 00619cam a22002053a 4500
001 45584
003 PGUSA
005 20140828084044.0
008 140504s2014||||xxu|||||s|||||000 | eng d
040 _aPGUSA
_beng
042 _adc
100 1 _aChatto, William Andrew
245 1 0 _aFacts and Speculations on the Origin and History of Playing Cards
_h[electronic resource] /
_cWilliam Andrew Chatto
260 _bProject Gutenberg,
_c2014
506 _aPublic domain in the USA.
516 _aElectronic text
830 0 _aProject Gutenberg
_v45584
856 4 0 _uhttp://www.gutenberg.org/ebooks/45584
942 _cEB
999 _c274835
_d274835